Iberoamericanismo a base de rectificación histórica (Record no. 119976)

MARC details
000 -LEADER
campo de control de longitud fija 00830nam a2200193 i 4500
001 - NÚMERO DE CONTROL
campo de control 119976
003 - IDENTIFICADOR DE NÚMERO DE CONTROL
campo de control ES-MaACL
005 - FECHA Y HORA DE LA ÚLTIMA TRANSACCIÓN
campo de control 20230906191436.0
007 - CAMPO FIJO DE DESCRIPCIÓN FÍSICA--INFORMACIÓN GENERAL
campo de control de longitud fija t|
008 - DATOS DE LONGITUD FIJA--INFORMACIÓN GENERAL
campo de control de longitud fija 070214s1924 sp |||| | spa d
100 1# - ENTRADA PRINCIPAL--NOMBRE DE PERSONA
Nombre de persona Pérez Santisteban, Víctor.
9 (RLIN) 91148
245 10 - MENCIÓN DEL TÍTULO
Título Iberoamericanismo a base de rectificación histórica
Resto del título : memoria presentada por el secretario primero de la Sección Iberoamericana del Ateneo : curso de 1923-24 /
Mención de responsabilidad, etc. Víctor Pérez Santisteban.
260 ## - PUBLICACIÓN, DISTRIBUCIÓN, ETC.
Lugar de publicación, distribución, etc. Madrid :
Nombre del editor, distribuidor, etc. [s.n.],
Fecha de publicación, distribución, etc. 1924 (
Fabricante Imp. Lacalle y del Rey)
300 ## - DESCRIPCIÓN FÍSICA
Extensión 63 p. ;
Dimensiones 19 cm.
594 ## - Nota al título y mención de responsabilidad
Nota al título y mención de responsabilidad Precede al tít.: Ateneo de Madrid.
610 24 - PUNTO DE ACCESO ADICIONAL DE MATERIA--NOMBRE DE ENTIDAD CORPORATIVA
Nombre de entidad corporativa o nombre de jurisdicción como elemento de entrada Ateneo de Madrid.
Unidad subordinada Sección Iberoamericana-
Subdivisión de forma Memorias.
9 (RLIN) 2013
710 2# - ENTRADA AGREGADA--NOMBRE DE ENTIDAD CORPORATIVA
Nombre de entidad corporativa o nombre de jurisdicción como elemento de entrada Ateneo de Madrid.
Unidad subordinada Sección Iberoamericana.
9 (RLIN) 2012
852 4# - LOCALIZACIÓN
Ubicación ES-MaACL
Número de control de estantería 1666-F-9
Nota libre - Dedicatoria autógrafa del autor
Holdings
Estatus retirado Estado de pérdida Estado de daño No para préstamo Colección Biblioteca de origen Biblioteca actual Ubicación en estantería Fecha de adquisición Fuente de adquisición Total de préstamos Signatura topográfica completa Código de barras Visto por última vez Precio de reemplazo Tipo de ítem Koha
        Colección de folletos Biblioteca del Ateneo de Madrid Biblioteca del Ateneo de Madrid Depósito folletos 17/01/2008     1666-F-9 1125055 23/02/2023 23/02/2023 Folleto